| 000 | 00469nam a22001817a 4500 | ||
|---|---|---|---|
| 003 | CEME | ||
| 005 | 20210628202226.0 | ||
| 008 | 210209b xxu||||| |||| 00| 0 eng d | ||
| 020 | _a0-8247-4103-X | ||
| 040 | _c. | ||
| 082 | _a671.37 SUR | ||
| 100 |
_aSuryanarayana , C _958860 |
||
| 245 | _aMechanical alloying and milling | ||
| 260 |
_aNEW YORK _bMARCEL DEKKER _c2004 |
||
| 300 | _aXV,466P | ||
| 650 |
_aMECHANICAL ALLOYING AND MILLING _958861 |
||
| 942 |
_cBK _2ddc |
||
| 999 |
_c568956 _d568956 |
||